000 00657nam a2200229Ia 4500
003 OSt
005 20220928102343.0
006 a|||||r|||| 00| 0
007 ta
008 220927b |||||||| |||| 00| 0 eng d
024 _a46855
037 _cTextual
040 _aSDCL
_cSDCL
_beng
041 _2eng
_aeng
082 _aV3:19'M, K8.1
100 _aHarney G Julian Ed.
_9397901
245 0 _aDemocratic review of British and foreign
_b Politics,History and literature
260 _aLondon
_bMerlin Press
_c1968
300 _a156p
_ccm.
942 _hV3:19'M, K8.1
_cTEXL
_2CC
999 _c713723
_d713723